Statistics for Rebus Puzzles (Dingbats) - Picture Quiz #1

Click here to take the quiz!

General Stats

  • This quiz has been taken 4,671 times
  • The average score is 6 of 8

Answers on the Map

Answers color-coded by a green-red scale on the quiz's map according to % correct below.
Loading ...
allall world allallPacksmo UP keAnswerAnswerAnswerAnswerheatheatheatdipping
 

Answer Stats

Answer% Correct
Backpack
90%
All Around the World
89%
Heatwave
79%
Crosshairs
78%
Up in Smoke
76%
Stay Away From Me
65%
Final Answer
64%
Skinny Dipping
64%

Score Distribution

Percentile by Number Answered

Percent of People with Each Score

Your Score History

You have not taken this quiz